<?xml version="1.0" encoding="utf-8"?>
<?xml-stylesheet type='text/xsl' href='./oai2.xsl'?>
<OAI-PMH xmlns="http://www.openarchives.org/OAI/2.0/" xmlns:xsi="http://www.w3.org/2001/XMLSchema-instance" xsi:schemaLocation="http://www.openarchives.org/OAI/2.0/ http://www.openarchives.org/OAI/2.0/OAI-PMH.xsd">
  <responseDate>2026-05-15T16:35:32Z</responseDate>
  <request verb="GetRecord" metadataPrefix="marcxml" identifier="record_kuniweb_401272">https://kulturerbe.niedersachsen.de/oai</request>
  <GetRecord>
    <record>
      <header>
        <identifier>record_kuniweb_401272</identifier>
        <datestamp>2025-08-28T09:38:22Z</datestamp>
        <setSpec>slg0183</setSpec>
      </header>
      <metadata>
        <marc:record xmlns:marc="http://www.loc.gov/MARC21/slim" xsi:schemaLocation="http://www.loc.gov/MARC21/slim http://www.loc.gov/standards/marcxml/schema/MARC21slim.xsd">
          <marc:leader>12345nkm  22     uu 4500</marc:leader>
          <marc:controlfield tag="001">401272</marc:controlfield>
          <marc:controlfield tag="003">http://kuniweb.gbv.de</marc:controlfield>
          <marc:controlfield tag="005">2024-03-07T14:28:54</marc:controlfield>
          <marc:controlfield tag="008">|           ||||||||||||||||||||||</marc:controlfield>
          <marc:datafield tag="245" ind1="1" ind2="0">
            <marc:subfield code="a">Totenklage (Asphodelische Stimmung)</marc:subfield>
          </marc:datafield>
          <marc:datafield tag="720" ind1=" " ind2=" ">
            <marc:subfield code="a">Leo von König</marc:subfield>
          </marc:datafield>
          <marc:datafield tag="655" ind1=" " ind2="7">
            <marc:subfield code="a">Malerei</marc:subfield>
          </marc:datafield>
          <marc:datafield tag="046" ind1=" " ind2=" ">
            <marc:subfield code="k">1934</marc:subfield>
            <marc:subfield code="k">1934 (Datierung)</marc:subfield>
          </marc:datafield>
          <marc:datafield tag="260" ind1=" " ind2=" ">
            <marc:subfield code="g">1934</marc:subfield>
            <marc:subfield code="g">1934 (Datierung)</marc:subfield>
          </marc:datafield>
          <marc:datafield tag="300" ind1=" " ind2=" ">
            <marc:subfield code="a">Höhe: 147 cm
Breite: 111 cm
Höhe: 163,5 cm (Rahmen)
Breite: 128 cm (Rahmen)</marc:subfield>
          </marc:datafield>
          <marc:datafield tag="520" ind1=" " ind2=" ">
            <marc:subfield code="a">Hochrechteckiges Gemälde mit undefiniertem, monochromen Hintergrund. Im Vordergrund zwei Frauen mit geschlossenen Augen, leicht bekleidet, die linke trägt eine Schale mit Früchten (?). (Städtisches Museum Braunschweig)

Aufschrift:
"L. v. König / seinen Eltern / 1934." (Signatur, oben rechts)

Aufschrift:
auf der Rückseite Mittelstrebe rechts roter Klebezettel: "XX Biennale Internationale Kunstausstellung 1936, Titel: Totenklage, Preis: 25000; Eigentum: Künstler; Adresse: Berlin-Charlottenburg" (hs. ausgefüllt); auf der Leinwand unten: "Städt. Museum 879"; auf der Mittelstrebe links Klebezettel, maschinenschriftlich: "Kat. Nr. 49 / Asphodelische Stimmung etc."; Rahmen oben rechts in Blau: "v. König", außen links "879 König" in Blei

Beschrieben in:
WV L. v. König 2001, Nr. 1934/04, sw-Abb. Nr. 241. ThB 21 (1927), S. 158f.; Vollmer 3 (1956), S. 80f.; Stadtlexikon 1992, S. 131; LMM 5 (1993), S. 497f.; Nemitz 1941; AK Braunschweig 2000, Biogr. S. 280; Museumsführer 1971, S. 17 (sw-Abb.), AK L. v. König 2001/2002, S. 105 (Farb-Abb.).

Veröffentlicht in:
L. König, M. Schimansky, und D. J. Schreiber, „Leo von König - Liebe, Kunst &amp;amp; Konventionen“. Hirmer, München, 2023. (S. 124-125, Abb. 22.)

Veröffentlicht in:
J. M. Nauhaus, „Die Gemäldesammlung des Städtischen Museums Braunschweig : vollständiges Bestandsverzeichnis und Verlustdokumentation. Die Gemäldesammlung // Städtisches Museum Braunschweig“. Olms, Hildesheim [u.a.], 2009. (S. 227, Nr. 601 u. Farbtafel 43.)</marc:subfield>
          </marc:datafield>
          <marc:datafield tag="500" ind1=" " ind2=" ">
            <marc:subfield code="a">Schenkung

25.11.1961

SchenkerIn: Industrie- und Handelskammer &lt;Braunschweig&gt;</marc:subfield>
          </marc:datafield>
          <marc:datafield tag="650" ind1="1" ind2=" ">
            <marc:subfield code="a">Malerei</marc:subfield>
          </marc:datafield>
          <marc:datafield tag="650" ind1="1" ind2=" ">
            <marc:subfield code="a">Gemälde</marc:subfield>
          </marc:datafield>
          <marc:datafield tag="650" ind1="1" ind2=" ">
            <marc:subfield code="a">Malerei &gt; Gemälde</marc:subfield>
          </marc:datafield>
          <marc:datafield tag="650" ind1="1" ind2=" ">
            <marc:subfield code="a">Malerei</marc:subfield>
          </marc:datafield>
          <marc:datafield tag="773" ind1="0" ind2=" ">
            <marc:subfield code="t">Sammlung Malerei</marc:subfield>
          </marc:datafield>
          <marc:datafield tag="852" ind1=" " ind2=" ">
            <marc:subfield code="a">Städtisches Museum Braunschweig</marc:subfield>
          </marc:datafield>
          <marc:datafield tag="" ind1=" " ind2=" ">
            <marc:subfield code="a">Namensnennung - Nicht kommerziell - Keine Bearbeitungen 4.0 International (CC BY-NC-ND 4.0)</marc:subfield>
          </marc:datafield>
        </marc:record>
      </metadata>
    </record>
  </GetRecord>
</OAI-PMH>
